Essential Windows CE application programming (Record no. 18718)

MARC details
000 -LEADER
fixed length control field 00427nam a22001697a 4500
005 - DATE AND TIME OF LATEST TRANSACTION
control field 20230609191658.0
008 - FIXED-LENGTH DATA ELEMENTS--GENERAL INFORMATION
fixed length control field 230609b |||||||| |||| 00| 0 eng d
020 ## - INTERNATIONAL STANDARD BOOK NUMBER
ISBN 9780471327479
082 ## - DEWEY DECIMAL CLASSIFICATION NUMBER
Classification number 005.4469
Item number BUR-E
100 ## - MAIN ENTRY--AUTHOR
Author Name Burdick Robert
245 ## - TITLE STATEMENT
Title Essential Windows CE application programming
260 ## - PUBLICATION, DISTRIBUTION, ETC.
Place of Publication India
Name of publisher, distributor, etc. Wiley
Date of publication, distribution, etc. 1999
300 ## - PHYSICAL DESCRIPTION
Pages 460
650 ## - SUBJECT ADDED ENTRY--TOPICAL TERM
Subject / Department Engineering
700 ## - ADDED ENTRY--PERSONAL NAME
Personal name Robert Burdick
952 ## - LOCATION AND ITEM INFORMATION (KOHA)
-- 0
-- 0
Holdings
Lost status Damaged status Collection code Permanent Location Current Location Shelving Location Date acquired Full Call Number Accession No./Barcode Date last seen item type Koha item type
    CS/IT Superior Information Resource Center (SIRC) Superior University- Gold Campus Superior Information Resource Center (SIRC) Superior University- Gold Campus Engineering 06/09/2023 005.4469 BUR-E 1999 3586 06/09/2023 BOOK BOOK

Powered by Koha